Androgen Metabolism in Human Prostatic Tissue

Bibliographic Details
Main Authors: Stárka, L. (Author), Hampl, R. (Author), Petřík, R. (Author), Röhling, S. (Author)
Format: Article
Language:English

MARC

LEADER 00000nab a2200000uu 4500
001 vtls010897916
003 SK-MaSNL
005 20260303130625.0
008 230218|1972 xo |||||||||||||||||eng|
015 |a SNBRB 
035 |a (urnnbn)urn:nbn:sk:snk:ar-006npl 
035 |a (uuid)838772ef-966d-4178-a45d-3a97325785aa 
035 |a urn:nbn:sk:snk-ab8q8a 
040 |a SNKBUCL  |b slo  |c SNKBUCL  |e AACR2 
041 0 |a eng 
044 |a xo  |c SK 
100 1 |a Stárka, L.  |4 aut  |9 945693 
245 1 0 |a Androgen Metabolism in Human Prostatic Tissue  |c L. Stárka, R. Hampl, R. Petřík, S. Röhling 
700 1 |a Hampl, R.  |4 aut  |9 852256 
700 1 |a Petřík, R.  |4 aut  |9 847671 
700 1 |a Röhling, S.  |4 aut  |9 1146318 
773 0 |t Endocrinologia experimentalis  |g Roč. 6, č. 3 (1972), s. 147-156 
958 |a OND 
958 |a EUIPO 
958 |a article10 
999 |c 1941421  |d 1943351